[Event "69th ch-BUL"]
[Site "Pleven BUL"]
[Date "2005.05.28"]
[Round "6"]
[White "Panbukchian,V"]
[Black "Iotov,V"]
[Result "0-1"]
[WhiteElo "2340"]
[BlackElo "2433"]
[EventDate "2005.05.23"]

1. f4 c5 2. Nf3 Nc6 3. g3 g6 4. Bg2 Bg7 5. O-O e6 6. c3 Nge7 7. d4 cxd4 8.
cxd4 d5 9. Nc3 Nf5 10. e3 O-O 11. Bd2 b6 12. Rc1 Bb7 13. Rf2 Rc8 14. Bf1 f6
15. Bh3 Qd7 16. b3 Nb4 17. Ne1 Ba6 18. a3 Nc6 19. Nf3 Rc7 20. g4 Nd6 21.
Be1 Rfc8 22. f5 Na5 23. fxg6 hxg6 24. Na2 Rxc1 25. Nxc1 Qc7 26. Na2 Ne4 27.
Rb2 g5 28. Bf1 Bxf1 29. Kxf1 f5 30. gxf5 exf5 31. Nb4 Qd6 32. Kg1 Rf8 33.
Rg2 g4 34. Nh4 Bh6 35. Nc2 Qf6 36. Nf3 Kh7 37. Ne5 Nxb3 38. Nd7 Qd6 39.
Nxf8+ Qxf8 40. Qd3 Na5 41. Bxa5 bxa5 42. Ne1 Qd6 43. Qb3 Qa6 44. Rc2 Qe6
45. Qb7+ Kg6 46. Ng2 Nd6 47. Qa6 Bxe3+ 48. Kf1 Kg5 49. Rc6 Qe4 50. Qe2 Qb1+
51. Ne1 Qe4 52. Qg2 Qf4+ 53. Ke2 Nc4 54. Nc2 Bxd4 55. Re6 Qd2+ 56. Kf1 Qf4+
57. Ke2 Qd2+ 58. Kf1 Qf4+ 59. Ke2 Bb6 60. Qxd5 Qxh2+ 61. Kd1 Qf4 62. Re8
Nb2+ 0-1

[Event "69th ch-BUL"]
[Site "Pleven BUL"]
[Date "2005.05.28"]
[Round "6"]
[White "Grigorov,G"]
[Black "Bojkov,D"]
[Result "0-1"]
[WhiteElo "2361"]
[BlackElo "2509"]
[EventDate "2005.05.23"]

1. d4 Nf6 2. c4 g6 3. Nc3 Bg7 4. e4 d6 5. Be2 O-O 6. Bg5 Na6 7. f4 Qe8 8.
Nf3 e5 9. fxe5 dxe5 10. d5 h6 11. Bxf6 Bxf6 12. O-O Qe7 13. a3 Rd8 14. Qd2
Bg7 15. b4 c5 16. Nb5 Bd7 17. Rab1 cxb4 18. axb4 Bxb5 19. cxb5 Nc7 20. Qe3
Ne8 21. Nd2 Nd6 22. Ra1 Bf6 23. Qd3 h5 24. Ra2 Rdc8 25. Qf3 Bg5 26. Nb3 Qc7
27. Bd3 Qc3 28. Nc5 Rf8 29. Nd7 Rfd8 30. Nc5 Rab8 31. Rxa7 Qxb4 32. Qf2 Qc3
33. Ra2 b6 34. Rc2 Qa3 35. Ne6 fxe6 36. Qg3 Nxe4 37. Bxe4 Qe3+ 38. Qxe3
Bxe3+ 39. Kh1 exd5 40. Bxg6 Rf8 41. Re1 h4 42. g3 h3 43. Bd3 Rbc8 44. Rxc8
Rxc8 45. Bf5 Rc5 46. Bxh3 d4 47. Bf1 e4 48. h4 Kg7 49. Bg2 Re5 50. Kh2 d3
51. Kh3 Bf2 52. Rxe4 d2 53. Rg4+ Kh6 54. Bf3 Re3 55. Bd1 Re1 56. Bf3 Bc5
57. Rf4 d1=Q 58. Bxd1 Rxd1 59. g4 Rd3+ 60. Kg2 Rb3 61. Rf6+ Kg7 62. g5 Rxb5
63. Kg3 Rb1 64. Rc6 Be7 65. Kf4 b5 66. h5 Rf1+ 67. Ke4 Rg1 68. Rc7 Kf7 69.
g6+ Ke6 70. Rc6+ Bd6 71. Rb6 b4 72. Rb7 Bf8 73. Rb6+ Bd6 74. Rb7 Kf6 75.
Kd5 Rd1+ 76. Kc4 Rg1 77. Kd5 Be7 78. Rb6+ Kg7 79. Rb7 Re1 80. Rb8 Re2 81.
Kc4 Re5 82. Rb7 Kh6 83. Kd4 Re1 84. Kd5 Re2 85. Rb8 Kg7 86. Rb7 Re1 87. Kc4
Re6 88. Kd5 Re1 89. Kc4 Kh6 90. Rb8 Bf6 91. Rxb4 Kxh5 92. Rb5+ Kxg6 93. Kd5
Kf5 94. Kc6+ Ke6 95. Rc5 Be5 96. Rc4 Rd1 97. Rc5 Rb1 98. Rb5 Ra1 99. Rc5
Ra8 100. Rc4 Rd8 101. Rc5 Bd4 102. Rh5 Rc8+ 103. Kb5 Be5 104. Kb6 Kd5 105.
Kb5 Rb8+ 106. Ka5 Kd6 107. Ka4 Bd4 108. Ka3 Kc6 109. Ka2 Rb4 110. Ka3 Bc5
111. Ka2 Kb5 112. Rh2 Bd4 113. Rc2 Ka4 114. Rd2 Bc3 115. Rc2 Rb3 116. Re2
Ra3+ 117. Kb1 Kb3 118. Rb2+ Kc4 119. Rb8 Kd3 120. Kc1 Ra2 121. Rb7 Rh2 122.
Rd7+ Bd4 123. Kb1 Rb2+ 124. Kc1 Rb8 125. Rd5 Rh8 126. Kb1 Rh1+ 127. Ka2 Kc4
0-1

[Event "69th ch-BUL"]
[Site "Pleven BUL"]
[Date "2005.05.28"]
[Round "6"]
[White "Ninov,N"]
[Black "Dochev,D"]
[Result "1/2-1/2"]
[WhiteElo "2486"]
[BlackElo "2357"]
[EventDate "2005.05.23"]

1. e4 c5 2. Nf3 Nc6 3. d4 cxd4 4. Nxd4 Nf6 5. Nc3 e5 6. Ndb5 d6 7. Bg5 a6
8. Na3 b5 9. Bxf6 gxf6 10. Nd5 f5 11. c3 Bg7 12. exf5 Bxf5 13. Nc2 Be6 14.
g3 O-O 15. Bg2 a5 16. O-O f5 17. Qe2 Rb8 18. Nf4 Bf7 19. Bxc6 exf4 20. Qf3
fxg3 21. hxg3 Kh8 22. Bd5 f4 23. Bxf7 Rxf7 24. Qd5 Qd7 25. Nd4 Rbf8 26. Qe6
Bxd4 27. Qxd7 Rxd7 28. cxd4 Rc7 29. Rac1 Rfc8 30. Rxc7 Rxc7 31. gxf4 Rc2
32. a4 bxa4 33. Ra1 Rc4 34. d5 Rxf4 35. Rc1 Rd4 36. Rc6 Rxd5 37. Rc4 Rb5
38. Rxa4 Kg7 39. Kg2 Kf6 40. Kg3 h5 41. f3 Ke5 42. Rh4 Ke6 43. Rh2 Rf5 44.
Rh4 Rg5+ 45. Kf4 Rb5 46. Rh2 Kf6 47. Ke4 Re5+ 48. Kf4 Rf5+ 49. Ke4 d5+ 50.
Ke3 Ke5 51. f4+ Kd6 52. Rg2 Rf6 53. Rg5 Rh6 54. Kd4 Kc6 55. f5 Kd6 56. f6
Ke6 57. Rxd5 a4 58. Ra5 h4 59. Rxa4 1/2-1/2

[Event "69th ch-BUL"]
[Site "Pleven BUL"]
[Date "2005.05.28"]
[Round "7"]
[White "Dochev,D"]
[Black "Chatalbashev,B"]
[Result "1/2-1/2"]
[WhiteElo "2357"]
[BlackElo "2499"]
[EventDate "2005.05.23"]

1. e4 c6 2. d4 d5 3. Nd2 dxe4 4. Nxe4 Bf5 5. Ng3 Bg6 6. h4 h6 7. Nf3 Nd7 8.
h5 Bh7 9. Bd3 Bxd3 10. Qxd3 e6 11. Bf4 Qa5+ 12. Bd2 Qc7 1/2-1/2

[Event "69th ch-BUL"]
[Site "Pleven BUL"]
[Date "2005.05.28"]
[Round "7"]
[White "Bojkov,D"]
[Black "Ninov,N"]
[Result "1-0"]
[WhiteElo "2509"]
[BlackElo "2486"]
[EventDate "2005.05.23"]

1. e4 c5 2. Nf3 d6 3. c3 Nf6 4. Bd3 Nc6 5. Bc2 Bg4 6. d3 d5 7. Nbd2 e6 8.
h3 Bh5 9. Qe2 Be7 10. Nf1 Bxf3 11. Qxf3 O-O 12. Ng3 b5 13. O-O d4 14. Qd1
Qb6 15. cxd4 Nxd4 16. Ne2 Nxe2+ 17. Qxe2 Nd7 18. e5 Rad8 19. Qe4 Nb8 20. d4
g6 21. dxc5 Bxc5 22. a4 Rd4 23. Qf3 Nd7 24. Bh6 Rc8 25. Rad1 bxa4 26. Bxa4
Nxe5 27. Qf6 Bf8 28. Be3 Rxd1 29. Bxb6 Rxf1+ 30. Kxf1 Bg7 31. Qe7 axb6 32.
g3 Bf8 33. Qb7 Rc1+ 34. Kg2 Nc4 35. b3 b5 36. Qxb5 Nb2 37. Qe2 Nxa4 38.
bxa4 Bc5 39. Qb2 Rc4 40. a5 Bd4 41. Qb3 Rc3 42. Qa4 e5 43. a6 Rc7 44. g4
Kg7 45. f4 Ra7 46. Kf3 f6 47. Ke4 Re7 48. Kd5 Ba7 49. Kd6 Kf8 50. g5 exf4
51. gxf6 Rf7 52. Ke6 Be3 53. Qb4+ Kg8 54. Qe7 1-0

[Event "69th ch-BUL"]
[Site "Pleven BUL"]
[Date "2005.05.28"]
[Round "7"]
[White "Iotov,V"]
[Black "Grigorov,G"]
[Result "1/2-1/2"]
[WhiteElo "2433"]
[BlackElo "2361"]
[EventDate "2005.05.23"]

1. d4 d5 2. Nf3 e6 3. c4 c6 4. Nc3 dxc4 5. e3 b5 6. a4 Bb4 7. Bd2 Bb7 8.
axb5 Bxc3 9. Bxc3 cxb5 10. b3 a5 11. bxc4 b4 12. Bb2 Nf6 13. Bd3 Nbd7 14.
O-O O-O 15. Re1 Ne4 16. Qc2 f5 17. c5 Qc7 18. Bb5 Bc6 19. Ba4 Bxa4 20. Qxa4
Ra6 21. Rec1 Ndf6 22. Ne5 Nd5 23. Qb5 Rfa8 24. f3 Nef6 25. Re1 Qb8 26. Qa4
Qe8 27. c6 Ne7 28. Rac1 Rc8 29. Qb5 Raa8 30. e4 fxe4 31. fxe4 Qd8 32. Qc5
Qc7 33. h3 Re8 34. Nf3 Rad8 35. Qb5 Nc8 36. Rc5 Nd6 37. Qd3 Ndxe4 38. Rxe4
Nxe4 39. Qxe4 a4 40. Ng5 g6 41. Rb5 a3 42. Rb7 Qg3 43. Nxh7 axb2 44. Nf6+
Kf8 45. Nh7+ Kg8 46. Nf6+ Kf8 47. Nh7+ Kg8 1/2-1/2

[Event "69th ch-BUL"]
[Site "Pleven BUL"]
[Date "2005.05.28"]
[Round "7"]
[White "Petkov,V"]
[Black "Panbukchian,V"]
[Result "1-0"]
[WhiteElo "2463"]
[BlackElo "2340"]
[EventDate "2005.05.23"]

1. d4 f5 2. g3 Nf6 3. Bg2 d6 4. Nf3 g6 5. c4 Bg7 6. b4 O-O 7. Bb2 Qe8 8.
Nbd2 c6 9. a4 Kh8 10. O-O Nbd7 11. Qc2 e5 12. dxe5 dxe5 13. e4 f4 14. c5
Ng4 15. Nc4 Qe7 16. a5 Nh6 17. Rfd1 g5 18. Nd6 g4 19. Nd2 Nf6 20. N2c4 Nh5
21. Bc3 Qg5 22. Qb2 Be6 23. Bxe5 Bxc4 24. Bxg7+ Nxg7 25. Nxc4 Rae8 26. a6
Re7 27. axb7 Rxb7 28. Rd6 Re7 29. Rxc6 f3 30. Bf1 Rxe4 31. Rc7 Re7 32.
Rcxa7 Nhf5 33. b5 Rd8 34. b6 Nd4 35. Nd6 Ne2+ 36. Bxe2 fxe2 37. Rxe7 Qxe7
38. Re1 1-0

[Event "69th ch-BUL"]
[Site "Pleven BUL"]
[Date "2005.05.28"]
[Round "7"]
[White "Raev,R"]
[Black "Cheparinov,I"]
[Result "0-1"]
[WhiteElo "2338"]
[BlackElo "2621"]
[EventDate "2005.05.23"]

1. Nf3 c5 2. g3 Nc6 3. Bg2 g6 4. O-O Bg7 5. d3 d6 6. e4 e5 7. Nbd2 Nge7 8.
h3 O-O 9. a4 h6 10. Ne1 Be6 11. f4 Qd7 12. Kh2 exf4 13. gxf4 f5 14. c3 Rad8
15. Nc2 b6 16. Nf3 fxe4 17. dxe4 d5 18. e5 d4 19. cxd4 cxd4 20. Ra3 a5 21.
Rf2 d3 22. Nce1 Nb4 23. Bf1 Bc4 24. Rc3 Rc8 25. Nxd3 Na2 26. Rxc4 Rxc4 27.
Be3 Nb4 28. Qb3 Qd5 29. Nd2 Rcc8 30. Nxb4 Qxb3 31. Nxb3 axb4 32. Rd2 g5 33.
Ba6 Rb8 34. Rd7 gxf4 35. Bd2 Nc6 36. e6 f3 37. e7 Be5+ 38. Kg1 Rfe8 39. Bb5
Nxe7 40. Bxb4 Nf5 41. Rd3 Red8 42. Rxf3 Nd4 43. Bc4+ Kh8 44. Re3 Bg7 45.
Bc3 Nf5 46. Bxg7+ Kxg7 47. Re6 Rd1+ 48. Kf2 Rb1 49. Re2 Rf8 50. Kg2 Nh4+
51. Kh2 Nf3+ 52. Kg3 Rg1+ 53. Kf2 Rg6 54. Re7+ Kh8 55. Ke2 Rg2+ 56. Kd3 Rg3
57. Kc2 Rc8 58. Re4 Rxh3 59. Kb1 Ng5 60. Rd4 Rxc4 61. Rxc4 Rxb3 62. Rc6 Rb4
63. Rxh6+ Kg7 64. Rc6 Nf3 65. Rd6 Nd4 66. Kc1 Kf7 67. Kd2 Ke7 68. Rh6 Ne6
69. Kc3 Rxa4 70. b4 b5 71. Rh5 Nc7 72. Rc5 Kd6 73. Kb3 Ra1 74. Kb2 Re1 75.
Kb3 Re5 0-1

[Event "69th ch-BUL"]
[Site "Pleven BUL"]
[Date "2005.05.28"]
[Round "7"]
[White "Kozhuharov,S"]
[Black "Radulski,J"]
[Result "1/2-1/2"]
[WhiteElo "2375"]
[BlackElo "2502"]
[EventDate "2005.05.23"]

1. d4 d5 2. c4 e6 3. Nc3 Nf6 4. cxd5 exd5 5. Bg5 Be7 6. Qc2 c6 7. e3 O-O 8.
Bd3 Nbd7 9. Nge2 Re8 10. O-O Nf8 1/2-1/2

[Event "69th ch-BUL"]
[Site "Pleven BUL"]
[Date "2005.05.29"]
[Round "8"]
[White "Chatalbashev,B"]
[Black "Radulski,J"]
[Result "1/2-1/2"]
[WhiteElo "2499"]
[BlackElo "2502"]
[EventDate "2005.05.23"]

1. d4 d5 2. c4 e6 3. Nc3 Nf6 4. cxd5 exd5 5. Bg5 Be7 6. e3 O-O 7. Bd3 c6 8.
Qc2 Nbd7 9. Nf3 Re8 10. h3 Nf8 11. O-O Nh5 12. Bxe7 Qxe7 13. Rab1 Qf6 14.
Qd1 Ng6 15. g4 Nh4 16. Nh2 Qd6 17. Kh1 Nf6 18. Rg1 Ne4 19. Qc2 f5 20. Rbe1
Ng5 21. Ref1 fxg4 22. hxg4 Nhf3 23. Nxf3 Nxf3 24. Rg3 Bxg4 25. Bxh7+ Kh8
26. Qg6 Re6 27. Qxg4 Rh6+ 28. Kg2 Nh4+ 29. Kg1 Rxh7 30. Ne2 Qh6 31. Nf4
Nf3+ 32. Kg2 Nh4+ 33. Qxh4 Qxh4 34. Ng6+ Kg8 35. Nxh4 Rxh4 36. Rg1 Re8 37.
Kf3 Re7 38. b4 Kf8 39. a4 a6 40. Rg5 Rf7+ 41. Kg3 Rh6 42. Rc1 Rff6 43. b5
axb5 44. axb5 Rhg6 45. Rxg6 Rxg6+ 46. Kf3 Ke7 47. bxc6 bxc6 48. Ra1 Rf6+
49. Ke2 Kd6 50. Ra7 Rg6 51. Ra8 Rg1 52. Rd8+ Ke7 53. Rc8 Kd7 54. Rg8 Kd6
55. Kf3 Rg6 56. Rf8 Ke7 57. Rf5 Ke6 58. Re5+ Kd6 59. Kf4 Rf6+ 60. Rf5 c5
61. dxc5+ Kxc5 62. Rxf6 gxf6 63. Kf5 d4 64. exd4+ Kxd4 65. Kxf6 Ke4 66. Kg5
Kf3 1/2-1/2

[Event "69th ch-BUL"]
[Site "Pleven BUL"]
[Date "2005.05.29"]
[Round "8"]
[White "Cheparinov,I"]
[Black "Kozhuharov,S"]
[Result "1/2-1/2"]
[WhiteElo "2621"]
[BlackElo "2375"]
[EventDate "2005.05.23"]

1. c4 e5 2. g3 Nf6 3. Bg2 d5 4. cxd5 Nxd5 5. Nc3 Nb6 6. Nf3 Nc6 7. O-O Be7
8. d3 O-O 9. a3 Re8 10. b4 Bf8 11. Be3 a5 12. Bc5 axb4 13. axb4 Rxa1 14.
Qxa1 Bxc5 15. bxc5 Nd5 16. Rb1 Nxc3 17. Qxc3 Nd4 18. Kf1 Bg4 19. Ng1 b6 20.
cxb6 cxb6 21. e3 Ne6 22. Rb4 Bf5 23. Be4 Bxe4 24. dxe4 Nc5 25. Nf3 Qd6 26.
Kg2 Nd3 27. Rb5 Nc5 28. Qb4 Re6 29. Qc4 h6 30. Qd5 f6 31. Nh4 Qc6 32. Rb4
Kh7 33. Nf5 g6 34. Qxc6 Rxc6 35. Ne7 Rd6 36. Nd5 Nxe4 37. Nxb6 Nc5 38. Nc4
Rc6 1/2-1/2

[Event "69th ch-BUL"]
[Site "Pleven BUL"]
[Date "2005.05.29"]
[Round "8"]
[White "Nikolov,Sas"]
[Black "Raev,R"]
[Result "0-1"]
[WhiteElo "2394"]
[BlackElo "2338"]
[EventDate "2005.05.23"]

1. e4 c5 2. Nf3 Nc6 3. d4 cxd4 4. Nxd4 g6 5. Be2 Bg7 6. Nb3 Nf6 7. Nc3 O-O
8. O-O d6 9. Bg5 a5 10. a4 Be6 11. f4 Rc8 12. Kh1 Nb4 13. Nd4 Bc4 14. Ndb5
Re8 15. Bxc4 Rxc4 16. Qe2 Rc5 17. e5 dxe5 18. fxe5 Nh5 19. Rxf7 Kxf7 20.
Qf2+ Bf6 21. Qxc5 Bxg5 22. e6+ Kg8 23. Qxg5 Rf8 24. Na3 Nf4 25. Rd1 Qb6 26.
h3 Qxe6 27. Rf1 Rf5 28. Qg4 Nxh3 0-1

[Event "69th ch-BUL"]
[Site "Pleven BUL"]
[Date "2005.05.29"]
[Round "8"]
[White "Panbukchian,V"]
[Black "Rusev,K"]
[Result "1/2-1/2"]
[WhiteElo "2340"]
[BlackElo "2427"]
[EventDate "2005.05.23"]

1. e4 c5 2. Nf3 d6 3. Bc4 Nf6 4. d3 Nc6 5. c3 a6 6. Bb3 Bg4 7. Nbd2 e6 8.
h3 Bh5 9. Qe2 Be7 10. O-O d5 11. Re1 Qc7 12. Bc2 O-O-O 13. Nf1 h6 14. Ng3
Bg6 15. e5 Nd7 16. a3 Rhe8 17. b4 f6 18. d4 Bxc2 19. Qxc2 fxe5 20. dxc5 Bf6
21. Nh5 e4 22. Nxf6 gxf6 23. Nd4 Nde5 24. Bf4 Nxd4 25. cxd4 Nf3+ 26. gxf3
Qxf4 27. fxe4 Qf3 28. Kh2 Rg8 29. Rg1 Qf4+ 30. Rg3 h5 31. h4 Qxh4+ 32. Kg2
Rxg3+ 33. fxg3 Rg8 34. Qd3 dxe4 35. Qb3 Qg4 36. Rh1 Kb8 37. Kf2 Rd8 38. Rh4
Qf5+ 39. Rf4 Qh3 40. Rh4 Qf5+ 41. Rf4 Qg5 42. Qxe6 Rxd4 43. Qxf6 Rd2+ 44.
Ke1 Qxf6 45. Rxf6 Rd3 46. Kf2 Rxa3 47. Re6 Rf3+ 48. Kg2 Rf5 49. Rxe4 a5 50.
bxa5 Rxc5 51. Ra4 Ka7 52. Kh3 Ka6 53. Kh4 Rxa5 54. Rxa5+ Kxa5 55. Kxh5 b5
56. g4 b4 57. g5 b3 58. g6 b2 59. g7 b1=Q 60. g8=Q Qh1+ 61. Kg6 1/2-1/2

[Event "69th ch-BUL"]
[Site "Pleven BUL"]
[Date "2005.05.29"]
[Round "8"]
[White "Ninov,N"]
[Black "Iotov,V"]
[Result "1-0"]
[WhiteElo "2486"]
[BlackElo "2433"]
[EventDate "2005.05.23"]

1. e4 c5 2. Nf3 e6 3. d4 cxd4 4. Nxd4 Nc6 5. Nb5 d6 6. c4 Nf6 7. N1c3 a6 8.
Na3 Be7 9. Be2 b6 10. O-O Bb7 11. Be3 Nb8 12. f3 Nbd7 13. Qd2 O-O 14. Rfd1
Qc7 15. Rac1 Rac8 16. Kh1 Qb8 17. Nc2 Rfe8 18. Bf1 h6 19. b3 Ne5 20. Na4
Nfd7 21. Qf2 Bd8 22. Nxb6 Nxb6 23. Bxb6 Ba8 24. Ba7 Qc7 25. Nb4 Qb7 26. Nd3
Ng6 27. Be3 a5 28. Nf4 Nxf4 29. Bxf4 e5 30. Be3 Be7 31. Bb6 Bg5 32. Qg1 f5
33. exf5 e4 34. f4 Qd7 35. Be3 Rf8 36. g3 Bf6 37. g4 a4 38. b4 a3 39. c5
Qa4 40. Bc4+ d5 41. Bxd5+ Bxd5 42. Rxd5 Qxb4 43. Qf1 Bc3 44. Qd1 Kh8 45.
Qc2 Bb2 46. Rcd1 Rfe8 47. c6 Qe7 48. g5 hxg5 49. fxg5 Qc7 50. g6 Qxc6 51.
Qg2 Kg8 52. Qh3 Rc7 53. Qh7+ Kf8 54. Qh8+ Ke7 55. Bg5+ 1-0

[Event "69th ch-BUL"]
[Site "Pleven BUL"]
[Date "2005.05.29"]
[Round "8"]
[White "Dochev,D"]
[Black "Bojkov,D"]
[Result "1-0"]
[WhiteElo "2357"]
[BlackElo "2509"]
[EventDate "2005.05.23"]

1. e4 c5 2. Nf3 d6 3. d4 cxd4 4. Nxd4 e5 5. Bb5+ Bd7 6. Bxd7+ Qxd7 7. Ne2
Nf6 8. Nbc3 Qc6 9. Ng3 Nbd7 10. Bg5 g6 11. h4 h5 12. Qf3 Be7 13. O-O Ng8
14. Nd5 Bxg5 15. hxg5 h4 16. Ne2 Rh5 17. Rfd1 Rxg5 18. Rd3 Nc5 19. Rc3 Qd7
20. Rd1 Rd8 21. Rxc5 dxc5 22. Nf6+ Nxf6 23. Rxd7 Nxd7 24. Nc3 Kf8 25. Qd3
Kg7 26. Kh2 h3 27. gxh3 Rh5 28. Qd6 Rhh8 29. Nd5 Rhe8 30. c4 b6 31. b3 Nf8
32. Qf6+ Kg8 33. Ne7+ Rxe7 34. Qxe7 Ne6 35. Qxa7 Rd2 36. Kg3 Rd3+ 37. f3
Nd4 38. Qxb6 Rxf3+ 39. Kg2 Rd3 40. Qxc5 Rd2+ 41. Kf1 Rd1+ 42. Kf2 Rd2+ 43.
Ke3 Rg2 44. Qxe5 Nc2+ 45. Kd3 Ne1+ 46. Ke3 Nc2+ 47. Kf4 Ne1 48. Qb8+ Kg7
49. Ke5 Rxa2 50. Kd6 Ra6+ 51. Kc7 Nd3 52. Qb5 Re6 53. Qd5 Nb4 54. Qd4+ Kh7
55. c5 Re7+ 56. Kb6 Re6+ 57. Kb5 Nc6 58. Qd7 Ne5 59. Qxe6 1-0

[Event "69th ch-BUL"]
[Site "Pleven BUL"]
[Date "2005.05.30"]
[Round "9"]
[White "Bojkov,D"]
[Black "Chatalbashev,B"]
[Result "1-0"]
[WhiteElo "2509"]
[BlackElo "2499"]
[EventDate "2005.05.23"]

1. e4 g6 2. d4 Bg7 3. Nf3 d6 4. Nc3 Nf6 5. Be2 O-O 6. O-O Bg4 7. Be3 Nc6 8.
d5 Nb8 9. a4 c6 10. a5 Qc7 11. h3 Bxf3 12. Bxf3 Nbd7 13. a6 cxd5 14. exd5
bxa6 15. Rxa6 Nb6 16. Bd4 Nfd7 17. Bxg7 Kxg7 18. Qd4+ Kg8 19. Rfa1 Rfc8 20.
Be2 Nc5 21. R6a5 e5 22. dxe6 Nxe6 23. Qh4 d5 24. Bf3 Qf4 25. Qxf4 Nxf4 26.
g3 Nxh3+ 27. Kg2 Ng5 28. Nxd5 Nxd5 29. Bxd5 Rab8 30. Bb3 Ne4 31. Rxa7 Rf8
32. Rc7 Rb5 33. Rd1 Rf5 34. f3 Nf6 35. Bc4 h5 36. b4 h4 37. gxh4 Rf4 38. b5
Ne8 39. Rc8 Ng7 40. Rdd8 Rxd8 41. Rxd8+ Kh7 42. Bd3 Ne6 43. Kg3 Rb4 44. Rc8
Kg7 45. c3 Rb2 46. Bc4 Kf6 47. Rc6 Kf5 48. Bxe6+ fxe6 49. Rc5+ Kf6 50. f4
Ke7 51. c4 Kd6 52. Rc6+ Kd7 53. Kg4 Rg2+ 54. Kf3 Rh2 55. c5 Rxh4 56. Rd6+
Ke7 57. b6 Rh3+ 58. Ke4 Rb3 59. Rc6 Kd7 60. Rc7+ Kd8 61. Ke5 Rb4 62. Rg7
1-0

[Event "69th ch-BUL"]
[Site "Pleven BUL"]
[Date "2005.05.30"]
[Round "9"]
[White "Petkov,V"]
[Black "Ninov,N"]
[Result "1/2-1/2"]
[WhiteElo "2463"]
[BlackElo "2486"]
[EventDate "2005.05.23"]

1. d4 Nf6 2. c4 e6 3. Nc3 Bb4 4. e3 b6 5. Nge2 Ba6 6. a3 Bxc3+ 7. Nxc3 d5
8. b3 O-O 9. Be2 Nc6 10. a4 Re8 11. O-O e5 12. dxe5 Nxe5 13. cxd5 Bxe2 14.
Qxe2 Nxd5 15. Bb2 Nxc3 16. Bxc3 Qd5 17. Qb5 Qxb5 18. axb5 f6 19. Rfc1 Nf7
20. Bb4 Re5 21. Rxc7 Rxb5 22. Raxa7 Rxa7 23. Rxa7 Ne5 24. Ra8+ Kf7 25. Ra7+
Kg8 26. Ra8+ 1/2-1/2

[Event "69th ch-BUL"]
[Site "Pleven BUL"]
[Date "2005.05.30"]
[Round "9"]
[White "Rusev,K"]
[Black "Grigorov,G"]
[Result "1-0"]
[WhiteElo "2427"]
[BlackElo "2361"]
[EventDate "2005.05.23"]

1. e4 c5 2. a3 Nc6 3. b4 cxb4 4. axb4 Nxb4 5. d4 d5 6. c3 Nc6 7. exd5 Qxd5
8. Na3 Bd7 9. Nb5 Rc8 10. Bf4 Qe4+ 11. Ne2 e5 12. f3 Qf5 13. Be3 Nb4 14.
Ng3 Nc2+ 15. Kd2 Nxe3 16. Nxf5 Nxd1 17. Nfd6+ Bxd6 18. Nxd6+ Ke7 19. Nxc8+
Bxc8 20. dxe5 Nf2 21. Rg1 Nh6 22. Ke3 Nfg4+ 23. fxg4 Nxg4+ 24. Kf4 Rd8 25.
Be2 g5+ 26. Kxg5 Nxe5 27. Kf4 Ng6+ 28. Ke3 a6 29. Rgd1 Re8 30. Kf2 Kf6 31.
Rd6+ Kg5 32. Ra5+ f5 33. g3 Kh6 34. Rc5 Kg7 35. Rc7+ 1-0

[Event "69th ch-BUL"]
[Site "Pleven BUL"]
[Date "2005.05.30"]
[Round "9"]
[White "Raev,R"]
[Black "Panbukchian,V"]
[Result "0-1"]
[WhiteElo "2338"]
[BlackElo "2340"]
[EventDate "2005.05.23"]

1. d4 Nf6 2. Nf3 e6 3. g3 b5 4. Bg2 Bb7 5. O-O c5 6. c3 Be7 7. Nbd2 O-O 8.
Re1 d5 9. Ne5 cxd4 10. cxd4 Qb6 11. Nb3 a5 12. Be3 Na6 13. Bg5 Rfc8 14. e3
Qd8 15. a4 Nb4 16. Nc5 Bxc5 17. dxc5 h6 18. Bxf6 Qxf6 19. Nd7 Qe7 20. Nb6
Rxc5 21. Nxa8 Nc2 22. Nb6 Nxa1 23. Qxa1 Qc7 24. b4 axb4 25. a5 Rc3 26. Qb2
Qc5 27. Rb1 b3 28. Ra1 Ba6 29. Bf1 d4 30. exd4 Qxd4 31. Rb1 e5 32. Qe2 Rc2
33. Rd1 Rxe2 34. Rxd4 Re1 35. Rb4 b2 36. Rxb2 b4 37. Rxb4 Bxf1 38. f3 Bd3+
39. Kf2 Re2+ 40. Kg1 f5 41. Nd7 e4 42. fxe4 Bxe4 43. Nc5 Bf3 44. a6 Rg2+
45. Kf1 Rc2 46. Nd3 Ra2 47. Rb8+ Kh7 48. Nb4 Rxh2 49. a7 Rg2 50. Rc8 Rxg3
51. Kf2 f4 52. Nd3 Bb7 53. Nc5 Rc3 54. Rc7 Rc2+ 55. Ke1 Bd5 56. Nb7 Ra2 57.
Nd6 h5 58. Ne8 Kg6 59. Rxg7+ Kf5 60. Nd6+ Ke5 61. Nb5 Kf6 62. Rd7 Bg2 63.
Nc3 Ra3 64. Rc7 h4 65. Kf2 h3 66. Rc4 Kg5 67. Rc5+ Kg4 68. Rc7 Ba8 69. Rg7+
Kf5 70. Rf7+ Ke5 71. Rf8 h2 72. Re8+ Kf5 0-1

[Event "69th ch-BUL"]
[Site "Pleven BUL"]
[Date "2005.05.31"]
[Round "10"]
[White "Nikolov,Sas"]
[Black "Radulski,J"]
[Result "0-1"]
[WhiteElo "2394"]
[BlackElo "2502"]
[EventDate "2005.05.23"]

1. e4 e5 2. Nf3 Nc6 3. Bb5 a6 4. Ba4 Nf6 5. O-O Be7 6. Re1 b5 7. Bb3 d6 8.
c3 O-O 9. h3 Na5 10. Bc2 c5 11. d4 Qc7 12. Nbd2 Be6 13. d5 Bd7 14. b3 g6
15. Nf1 Nh5 16. N3h2 Bf6 17. Ng4 Bg7 18. g3 c4 19. b4 Nb7 20. Be3 a5 21. a3
Kh8 22. Kg2 axb4 23. axb4 Rxa1 24. Qxa1 f5 25. Ngh2 Qc8 26. exf5 gxf5 27.
Bg5 e4 28. f4 h6 29. Bh4 Rg8 30. Kh1 Qa8 31. Qd1 Be8 32. Ne3 Bxc3 33. Nxf5
Bxe1 34. Qd4+ Kh7 35. Qxe4 Bg6 36. Qe7+ Ng7 37. Nxg7 Qf8 38. Bxg6+ Kxg6 39.
f5+ Kh7 40. Qxe1 Rxg7 41. f6 Rc7 42. Qe4+ Kh8 43. Ng4 c3 44. Ne3 Nd8 45.
Kg2 Nf7 46. Nc2 Qg8 47. Kf3 Ne5+ 48. Ke2 Rc4 49. Qf5 Qxd5 0-1

[Event "69th ch-BUL"]
[Site "Pleven BUL"]
[Date "2005.05.31"]
[Round "10"]
[White "Panbukchian,V"]
[Black "Kozhuharov,S"]
[Result "1-0"]
[WhiteElo "2340"]
[BlackElo "2375"]
[EventDate "2005.05.23"]

1. f4 e5 2. e4 Nc6 3. Nf3 f5 4. exf5 e4 5. Ne5 Nf6 6. d4 d6 7. Bb5 dxe5 8.
fxe5 Bxf5 9. exf6 Qxf6 10. O-O Bd6 11. Bxc6+ bxc6 12. Bf4 O-O 13. Nc3 Rae8
14. Qd2 Bxf4 15. Rxf4 g5 16. Rff1 e3 17. Qe2 Qxd4 18. Rad1 Qc5 19. Kh1 Bg6
20. Rxf8+ Rxf8 21. h3 Rf2 22. Qa6 Kg7 23. Re1 Rxc2 24. Qc8 Qe5 25. Qd7+ Kh6
26. Qxc6 Qg3 27. Rg1 Rxb2 28. Ne4 Qe5 29. Nf6 Kg7 30. Ng4 Qd4 31. Qxc7+ Bf7
32. Rf1 Rf2 33. Nxf2 e2 34. Re1 Qxf2 35. Qe5+ Kh6 36. Rxe2 Qf1+ 37. Kh2 Bg6
38. Qe3 Bh5 39. Rf2 Qc4 40. Qxa7 1-0

[Event "69th ch-BUL"]
[Site "Pleven BUL"]
[Date "2005.05.31"]
[Round "10"]
[White "Grigorov,G"]
[Black "Raev,R"]
[Result "0-1"]
[WhiteElo "2361"]
[BlackElo "2338"]
[EventDate "2005.05.23"]

1. d4 d5 2. Nf3 Nf6 3. c4 e6 4. Nc3 Be7 5. Bg5 O-O 6. e3 c6 7. Rc1 Nbd7 8.
Bd3 Re8 9. O-O h6 10. Bh4 Nh5 11. Bxe7 Qxe7 12. Re1 a6 13. Qd2 Nhf6 14. e4
dxc4 15. Bxc4 e5 16. Rcd1 Qb4 17. Bb3 exd4 18. Qxd4 Qxd4 19. Nxd4 g6 20.
Bc2 Nh5 21. g3 Nb6 22. Kg2 Ng7 23. h3 h5 24. f4 h4 25. gxh4 Nh5 26. f5 Kh8
27. Kh2 Nc4 28. b3 Ne5 29. Rf1 gxf5 30. exf5 c5 31. Nf3 Nxf3+ 32. Rxf3 b5
33. Be4 Rb8 34. Rd6 f6 35. Bc6 Rf8 36. Nd5 Ng7 37. Ne7 Kh7 38. Nxc8 Rbxc8
39. Bb7 Rcd8 40. Rxd8 Rxd8 41. Rc3 Rd2+ 42. Kg1 Rxa2 43. Rxc5 Nh5 44. Rc7+
Kh8 45. Bf3 Ng3 46. Bg4 b4 47. Re7 Rc2 48. Re6 a5 49. Re3 Rc3 50. Kf2 Nh1+
51. Kf3 Rc2 52. Kf4 Nf2 53. Bh5 Rd2 54. Re8+ Kg7 55. Re7+ Kg8 56. Bg6 Nxh3+
57. Ke3 Rc2 58. h5 Rc3+ 59. Kd4 Ng5 60. h6 Rc8 61. Ra7 Nf3+ 62. Ke3 Ne5 63.
Rxa5 Ng4+ 64. Kf4 Nxh6 65. Rb5 Kf8 66. Rxb4 Ng8 67. Rb6 Ke7 68. Bh7 Nh6 69.
Re6+ Kf7 70. Bg6+ Kg7 71. Re7+ Kf8 72. Rh7 Ng8 73. Rf7+ Ke8 74. Rxf6+ Kd7
75. Rb6 Ne7 76. Bf7 Rc1 77. Be6+ Kc7 78. Rb4 Rf1+ 79. Kg5 Kd6 80. Rd4+ Ke5
81. Rd3 Rg1+ 82. Kh5 Nxf5 83. Bc4 Kf6 0-1

[Event "69th ch-BUL"]
[Site "Pleven BUL"]
[Date "2005.05.31"]
[Round "10"]
[White "Ninov,N"]
[Black "Rusev,K"]
[Result "1-0"]
[WhiteElo "2486"]
[BlackElo "2427"]
[EventDate "2005.05.23"]

1. e4 c5 2. Nf3 e6 3. d4 cxd4 4. Nxd4 a6 5. c4 Nf6 6. Nc3 Bb4 7. Qc2 O-O 8.
e5 Ng4 9. f4 d6 10. Nf3 dxe5 11. h3 Nh6 12. fxe5 Nf5 13. a3 Be7 14. Bf4 Nc6
15. Rd1 Qa5 16. Bd3 Nh4 17. Nxh4 Bxh4+ 18. g3 Be7 19. Bxh7+ Kh8 20. Be4 g6
21. Qe2 Rd8 22. Rxd8+ Bxd8 23. Bxc6 bxc6 24. O-O Bd7 25. Ne4 Bb6+ 26. Be3
Rb8 27. c5 Bd8 28. Rxf7 1-0

[Event "69th ch-BUL"]
[Site "Pleven BUL"]
[Date "2005.06.01"]
[Round "11"]
[White "Iotov,V"]
[Black "Chatalbashev,B"]
[Result "1-0"]
[WhiteElo "2433"]
[BlackElo "2499"]
[EventDate "2005.05.23"]

1. d4 d5 2. Nf3 Nf6 3. c4 e6 4. Nc3 Nbd7 5. Bg5 Be7 6. cxd5 exd5 7. e3 O-O
8. Bd3 Re8 9. O-O c6 10. Qc2 Nf8 11. h3 Nh5 12. Bxe7 Qxe7 13. Rab1 Qf6 14.
Ne5 Ng6 15. f4 Ng3 16. Rf3 Nf5 17. g4 Ngh4 18. Rf2 Nxe3 19. Bxh7+ Kh8 20.
Qe2 Neg2 21. Bc2 Kg8 22. g5 Qe6 23. f5 Qe7 24. f6 Qe6 25. Qh5 1-0